Statistiques concernant Culture Générale - Série 616

Cliquez ici pour prendre le quiz!

Statistiques générales

  • Ce quiz a été pris 118 fois
  • Le résultat moyen est 7 sur 10

Statistiques - réponses

QuestionRéponse% Correct
Quelle énergie naturelle fait tourner les éoliennes ?vent
99%
Quelle chaîne de télévision culturelle franco-allemande voit le jour en 1992 ?Arte
93%
Dans quel film Gérard Jugnot incarne-t-il un surveillant qui initie des internes à la musique ?Les Choristes
93%
A quel animal se rapporte l'adjectif "léonin" ?lion
92%
A quelle langue le nom “farniente” est-il emprunté ?italien
88%
Dans "L'Odyssée" d'Homère, quel animal fidèle, appelé Argos, meurt au retour d'Ulysse à Ithaque ?chien
86%
Complétez le titre d'un film sorti en 2001 avec Renée Zellweger et Hugh Grant : "Le Journal de...Bridget Jones
63%
En 1970, quel film réunit à l'écran Alain Delon et Jean-Paul Belmondo ?Borsalino
42%
Dans un jeu de Cluedo standard, l'un des personnages est le professeur...Violet
33%
Dans "Les Mystères de l'Ouest", l'ennemi juré de James West et d'Artemus Gordon est Miguelito...Loveless
4%

Distribution des résultats

Percentile par nombre de réponses

% des personnes avec chaque résultat

Votre développement - résultats

Vous n’avez pas pris ce quiz